header

Polymeric materials in dentistry (Record no. 168341)

MARC details
000 -LEADER
fixed length control field 01665nam a2200349 a 4500
082 04 - DEWEY DECIMAL CLASSIFICATION NUMBER
Classification number 617.6/95
100 1# - MAIN ENTRY--AUTHOR NAME
Personal name Sideridou, Irini D.
245 10 - TITLE STATEMENT
Title Polymeric materials in dentistry
260 ## - PUBLICATION, DISTRIBUTION, ETC. (IMPRINT)
Place of publication New York :
Name of publisher Nova Science Publishers,
Year of publication 2010.
300 ## - PHYSICAL DESCRIPTION
Number of Pages viii, 181 p. :
Other physical details ill.
490 1# - SERIES STATEMENT
Series statement Dental science, materials and technology
505 0# - FORMATTED CONTENTS NOTE
Formatted contents note Historical overview -- Polymeric dental prosthetic materials -- Polymeric dental restorative materials -- Applications of polymers in oral and maxillofacial surgery -- Applications of polymers in therapy of gingivitis and periodontitis -- Applications of polymers in orthodontic treatments -- Polymeric dental impression materials.
650 #0 - SUBJECT ADDED ENTRY--TOPICAL TERM
Topical Term Polymers in dentistry.
856 40 - ELECTRONIC LOCATION AND ACCESS
Uniform Resource Identifier http://site.ebrary.com/lib/rucke/Doc?id=10678010

No items available.

© 2026 Rongo University
Contact us: librarian | system librarian | Rongo university